Normal view
MARC view
- Miller,Patricia.H،الخفش، سامح وديع ، سالم،محمود عوض الله ، الشحات،محمد مجدي ، عاشور،احمد حسن/ترجمة
Entry Personal Name
001 - CONTROL NUMBER
- control field: 42779
003 - CONTROL NUMBER IDENTIFIER
- control field: JO-AjAnu
005 - DATE AND TIME OF LATEST TRANSACTION
- control field: 20230606081109.0
008 - FIXED-LENGTH DATA ELEMENTS
- fixed length control field: 230606|| aca||aabn | a|a d
040 ## - CATALOGING SOURCE
- Original cataloging agency: JO-AjAnu
- Transcribing agency: JO-AjAnu
100 ## - HEADING--PERSONAL NAME
- Personal name: Miller,Patricia.H،الخفش، سامح وديع ، سالم،محمود عوض الله ، الشحات،محمد مجدي ، عاشور،احمد حسن/ترجمة
670 ## - SOURCE DATA FOUND
- Source citation: Work cat.: (JO-AjAnu)21911: Miller,Patricia.H،الخفش، سامح وديع ، سالم،محمود عوض الله ، الشحات،محمد مجدي ، عاشور،احمد حسن/ترجمة, author, نظريات النمو = Theories of Developmental Psychology